000 00306nam a22001337a 4500
008 170130b xxu||||| |||| 00| 0 eng d
020 _a9780071743716
041 _aeng
080 _25TH
_a618.2
100 _a2
101 _aINF
245 _aESSENTIALS OF NURSING INFORMATICS
_cSABA, V.K
942 _2udc
_cBK
999 _c3989
_d3989